Venganza catalana (Record no. 154229)

MARC details
000 -LEADER
campo de control de longitud fija 00942nam a22002055i 4500
001 - NÚMERO DE CONTROL
campo de control 154229
003 - IDENTIFICADOR DE NÚMERO DE CONTROL
campo de control ES-MaACL
005 - FECHA Y HORA DE LA ÚLTIMA TRANSACCIÓN
campo de control 20230906205557.0
008 - DATOS DE LONGITUD FIJA--INFORMACIÓN GENERAL
campo de control de longitud fija 960529s1864 sp |||| | spa d
040 ## - FUENTE DE CATALOGACIÓN
Centro catalogador/agencia de origen AS
Lengua de catalogación spa
Centro/agencia transcriptor CCPB | SIC
100 1# - ENTRADA PRINCIPAL--NOMBRE DE PERSONA
Nombre de persona García Gutiérrez, Antonio,
Fechas asociadas al nombre 1813-1884
9 (RLIN) 54743
245 10 - MENCIÓN DEL TÍTULO
Título Venganza catalana
Resto del título : drama en cuatro actos /
Mención de responsabilidad, etc. por Antonio García Gutiérrez.
250 ## - MENCION DE EDICION
Mención de edición 6ª ed.
260 ## - PUBLICACIÓN, DISTRIBUCIÓN, ETC.
Lugar de publicación, distribución, etc. Madrid :
Nombre del editor, distribuidor, etc. [s.n.],
Fecha de publicación, distribución, etc. 1864 (
Fabricante Imprenta de José Rodriguez)
300 ## - DESCRIPCIÓN FÍSICA
Extensión 127, [2] p. ;
Dimensiones 19 cm.
500 ## - NOTA GENERAL
Nota general Representado en el Teatro del Príncipe, la noche del 4 de febrero de 1864 á beneficio de Matilde Diez.
596 ## - NOTA AL PIE DE IMPRENTA
NOTA AL PIE DE IMPRENTA En verso de port. consta: "... de la Administración lírico-dramática ..."
852 ## - LOCALIZACIÓN
Ubicación ES-MaACL
Número de control de estantería D-2490(2)
Nota libre -- Enc. hol., conservando la enc. original
condición física -- Falto de port. y hasta la p. 14
Nota libre -- Enc. en un vol. facticio
-- .- Legado M. de la Fuente
Holdings
Estatus retirado Estado de pérdida Estado de daño No para préstamo Colección Biblioteca de origen Biblioteca actual Ubicación en estantería Fecha de adquisición Fuente de adquisición Total de préstamos Signatura topográfica completa Código de barras Visto por última vez Precio de reemplazo Tipo de ítem Koha
        Libros del s. XIX Biblioteca del Ateneo de Madrid Biblioteca del Ateneo de Madrid Sala Valle Inclán 17/01/2008     D-2490(2) 901161275 23/02/2023 23/02/2023 Libro impreso antiguo